000 00696nam a2200169Ia 4500
003 GCL
008 140319s9999 xx 000 0 ara d
040 _aGCL /
_cGCL
082 0 4 _aق
_b953.07393
_bش س
100 1 _aابن رشد، بهاء الدين
245 1 0 _aسيرة صلاح الدين الايوبى المسماة النوادر السلطانية والمحاسن اليوسفية وفى ذيلة منتخبات من كتاب التاريخ لصاحب حماة /
_cابن رشد، بهاء الدين
300 _a279 ص
490 _a
650 0 4 _aصلاح الدين الايوبى
650 0 4 _aمصر - تاريخ - العصر الحديث (1805 - 1956 )
942 _2ddc
_cBK
999 _c39354
_d39354